Alabi's world
Αποθηκεύτηκε σε:
| Κύριος συγγραφέας: | |
|---|---|
| Μορφή: | Βιβλίο |
| Γλώσσα: | English |
| Δημοσίευση: |
Baltimore :
John Hopkins University Press,
1990.
|
| Σειρά: | Johns Hopkins studies in Atlantic history and culture
|
| Θέματα: | |
| Ετικέτες: |
Προσθήκη ετικέτας
Δεν υπάρχουν, Καταχωρήστε ετικέτα πρώτοι!
|
MARC
| LEADER | 00000cam a2200000 i 4500 | ||
|---|---|---|---|
| 001 | 1/62207 | ||
| 008 | 930916s1990 mdu| ||| |||| ||eng|| | ||
| 020 | |a 0801838622 | ||
| 035 | |a ΛΕΣΒΟΣb10000992 |l 10000992 | ||
| 040 | |a GR-MyUa |b gre |e AACR2 | ||
| 041 | 0 | |a eng | |
| 082 | 7 | |a 988.33 |2 (22) | |
| 100 | 1 | |a Price, Richard, |d 1941- | |
| 245 | 1 | 0 | |a Alabi's world / |c Richard Price. |
| 260 | |a Baltimore : |b John Hopkins University Press, |c 1990. | ||
| 300 | |a 444 σ. ; |c 26 εκ. | ||
| 490 | 1 | |a (Johns Hopkins studies in Atlantic history and culture) | |
| 504 | |a Περιλαμβάνει βιβλιογραφικές παραπομπές και ευρετήριο. | ||
| 650 | 0 | |a Saramacca (Surinam people) |x Biography. | |
| 650 | 0 | |a Saramacca (Surinam people) |x History |x Sources. | |
| 650 | 0 | |a Slavery |z Surinam |x History |x Sources. | |
| 651 | 0 | |a Netherlands |x Colonies |y America |x Administration. | |
| 651 | 0 | |a Suriname |x Biography. | |
| 830 | 0 | |a Johns Hopkins studies in Atlantic history and culture | |
| 852 | |a INST |b LESVOS |e 19930916 |h 988.33 PRI |p 005100005366 |q 005100005366 |t BK |y 0 | ||